A geography of Pakistan (Record no. 60729)

MARC details
000 -LEADER
fixed length control field 00648cam a22002171 4500
001 - CONTROL NUMBER
control field sa 64008177
003 - CONTROL NUMBER IDENTIFIER
control field DLC
005 - DATE AND TIME OF LATEST TRANSACTION
control field 20260227112052.0
008 - FIXED-LENGTH DATA ELEMENTS--GENERAL INFORMATION
fixed length control field 720919s1964 pk abf 000 0 eng
010 ## - LIBRARY OF CONGRESS CONTROL NUMBER
LC control number sa 64008177
015 ## - NATIONAL BIBLIOGRAPHY NUMBER
National bibliography number GB65-4310
035 ## - SYSTEM CONTROL NUMBER
System control number (OCoLC)409009
040 ## - CATALOGING SOURCE
Original cataloging agency DLC
Transcribing agency ODaWU
Modifying agency OCoLC
-- Uk
-- DLC
042 ## - AUTHENTICATION CODE
Authentication code premarc
050 00 - LIBRARY OF CONGRESS CALL NUMBER
Classification number DS377
Item number .A6
100 1# - MAIN ENTRY--PERSONAL NAME
Personal name Ahmad, Kazi Said Uddin,
Dates associated with a name 1904-
245 12 - TITLE STATEMENT
Title A geography of Pakistan
Statement of responsibility, etc. [by] Kazi S. Ahmad.
260 ## - PUBLICATION, DISTRIBUTION, ETC.
Place of publication, distribution, etc. Karachi,
Name of publisher, distributor, etc. Pakistan Branch, Oxford University Press,
Date of publication, distribution, etc. 1964.
300 ## - PHYSICAL DESCRIPTION
Extent vi, 216 p.
Other physical details illus., maps, plates.
Dimensions 19 cm.
651 #0 - SUBJECT ADDED ENTRY--GEOGRAPHIC NAME
Geographic name Pakistan
General subdivision Description and travel.

No items available.

Powered by Koha